Theories of abstract automata /

Guardado en:
Autor Principal: Arbib, Michael A.
Formato: Libro
Idioma:English
Publicado: Englewood Cliffs, N.J. : Prentice-Hall, c1969.
Series:Prentice-Hall series in automatic computation
Etiquetas: Agregar Etiqueta
Sin Etiquetas, Sea el primero en etiquetar este registro!
LEADER 00618nam a22001935 4500
001 MAT.inmabb001878
008 691030s1969####njua#####b####001#0#eng#d
005 20170614163805.0
245 1 0 |a Theories of abstract automata /  |c Michael A. Arbib. 
260 |a Englewood Cliffs, N.J. :  |b Prentice-Hall,  |c c1969. 
300 |a xiii, 412 p. :  |b il. ;  |c 24 cm. 
440 0 |a Prentice-Hall series in automatic computation 
504 |a Bibliografía: p. 389-400. 
510 4 |a MR,  |c 47 #10159 
020 |a 0139133682 
100 1 |a Arbib, Michael A. 
084 |a 94A30  |2 MR 
010 |a  72082901  
859 |h 94  |i Ar664  |p A-3377  |b BIB. MATEMATICA